Rhymes with 'Hoop' Quiz Stats

 Plays Quiz Updated Jul 9, 2015

Also try: Rhymes with 'ACK!'
Challenge
Share
Tweet
Embed
Score 0/24 Timer 03:00
4 Plays Today
% Correct
loop
96.4%
poop
90.9%
coop
90.8%
soup
78.6%
stoop
75.2%
goop
71.2%
droop
71%
troop
67.9%
sloop
63.9%
bloop
62.1%
group
61.6%
croup
59.7%
% Correct
dupe
56.1%
scoop
55.7%
whoop
55.2%
snoop
54%
coupe
43.9%
troupe
40.9%
swoop
38.1%
loupe
20.7%
drupe
18.2%
roup
17.3%
stoup
15.7%
stupe
13.5%

You're not logged in!

Compare scores with friends on all Sporcle quizzes.
Join for Free
OR
Log In

You Might Also Like...

Show Comments

Extras

Top Quizzes Today


Score Distribution

Your Account Isn't Verified!

In order to create a playlist on Sporcle, you need to verify the email address you used during registration. Go to your Sporcle Settings to finish the process.

Report this User

Report this user for behavior that violates our Community Guidelines.

Details: